000 00507nam a2200193Ia 4500
003 OSt
005 20220527155626.0
008 210210b1981 xxu||||| |||| 00| 0 eng d
040 _cAL
041 _aEnglish
082 _a954.7 PEAC
100 _aPEARSON (M N).
_939372
245 _aCoastal western India, studies from the portuguese records
260 _aNew Delhi
_bConcept Publishing Company
_c1981
300 _axxviii,149
690 _aIndian History
_939373
906 _a037175
942 _2ddc
_cBK
999 _c87544
_d87544